1089 1986 1989 1406 1067 1305 1506 1256 1438 1037 1969 1010 1470 1119 1650 1767 1907 1734 1391 1277 1534 1116 1198 1797 1897 1168 1101 1917 1579 1432 1325 1968 1952 1126 1841 1801 1986 1414 1290 1819 1044 1051 1165 1718 1004 1974 1348 1560 1642 1641 1090 1857 1359 1258 1482 1836 1063 1673 1855 1974 1539 1187 1888 1186 1435 1011 1269 1600 1140 1277 1935 1148 2000 1228 1210 1713 1148 1638 1648 1566 1652 1608 1447 1550 1066 1208 1940 2000 1177 1792 1429 1138 1405 1615 1600 1136 1759 1173 1952 BCNSPRNW ULIB Ver.6.0+V

เปลี่ยนเป็นภาษาไทย

Change to English
 แสดงรายละเอียดบรรณานุกรม
  กลับหน้าหลัก

Brief Record : Get Marc (ISO 2709) : E-mail record : QR code < ปิดหน้าต่าง
LEADER : 00000nam 2200000uu 4500
001    13399125900
003     ULIB
008    170925s2560||||th 000 0 tha d
020    ^a9789740335672
050  0 ^aLA1221^bธ172ก
100 0  ^aธราญา จิตรชญาวณิช
245 10 ^aการศึกษาและความเป็นครูไทย /^cธราญา จิตรชญาวณิช
246 30 ^aความเป็นครูไทย
260    ^aกรุงเทพฯ :^bสำนักพิมพ์แห่งจุฬาลงกรณ์มหาวิทยาลัย,^c2560
300    ^a252 หน้า :^bแผนภูมิ ;^c26 ซม.
650  4 ^aครู
650  4 ^aการศึกษา
945    ^p0^l0^i003357
999    ^aประนอม เกษจรัล
รายการนี้ยังไม่มีแท็ก
คุณยังไม่ได้ล็อกอิน คุณสามารถมีกิจกรรมร่วมกับเว็บไซต์ได้ แต่ต้องล็อกอินก่อน ::
  ล็อกอิน

รายการสื่อสารสนเทศ

ลำดับที่ ประเภท เลขเรียก/บาร์โค้ด สถานที่ สถานะ
1. วิทยาศาสตร์การแพทย์ และสุขภาพ
วิทยาศาสตร์การแพทย์ และสุขภาพ
สถานะ=หาย
LA1221 ธ172ก ฉ.1 
  Barcode: 003357
ห้องสมุดวิทยาเขตนครสวรรค์
►นวนิยาย:l:Fiction
บนชั้น

รายการใกล้เคียง
    ผู้แต่ง [ธราญา จิตรชญาวณิช]

    หัวเรื่อง [ครู]
    หัวเรื่อง [การศึกษา]

BibComment


ยังไม่เคยถูกคอมเมนท์

คอมเมนท์ทรัพยากรรายการนี้
  คอมเมนท์: การศึกษาและความเ..


 Copyright 2026. Bcnsprnw @Library